[Event "Let's Play Chess!"]
[Site "http://www.queenalice.com/game.php?id=635430"]
[Date "2009.8.12"]
[Round "-"]
[White "Motorhead"]
[Black "vinicius_rossitto"]
[Result "0-1"]
[WhiteElo "1736"]
[BlackElo "2234"]

1. e4 c5 2. Nf3 d6 3. d4 Nf6 4. Nc3 cxd4 5. Nxd4 g6 6. Be3 Bg7 7. Bc4 O-O 8. O-O
Ng4 9. Bg5 h6 10. Bh4 Nc6 11. Nxc6 bxc6 12. Re1 g5 13. Bg3 Qa5 14. h3 Ne5 15.
Bb3 Rb8 16. f4 Nc4 17. Bxc4 Rxb2 18. fxg5 Qc5+ 19. Kh1 Qxc4 20. gxh6 Bxc3 21.
Re3 Bd4 22. h7+ Kh8 23. Rd3 c5 24. Qh5 Qxc2 25. Rf3 Qxg2# 0-1

[Event "1799"]
[Site "http://www.queenalice.com/game.php?id=640653"]
[Date "2009.8.24"]
[Round "-"]
[White "phystutordotcom"]
[Black "Motorhead"]
[Result "0-1"]
[WhiteElo "2192"]
[BlackElo "1762"]

1. e4 e5 2. f4 exf4 3. Nf3 g5 4. h4 g4 5. Ne5 Qe7 6. d4 d5 7. Bxf4 dxe4 8. Bc4
f6 9. Nf7 Qb4+ 10. Nd2 Qxb2 11. Nxh8 Nh6 12. Nb3 Qc3+ 13. Nd2 Qxd4 14. Rb1 e3
15. Qe2 Qxf4 16. Rf1 Qg3+ 17. Kd1 Bg7 18. Ne4 Qxh4 19. Qxe3 Kf8 20. Nxf6 Bxf6
21. Qc5+ Kg7 22. Qxc7+ Nd7 23. Be6 g3 24. Rb3 Kxh8 25. Bxd7 Bxd7 26. Qxd7 Rd8
27. Qxd8+ Bxd8 28. Rf8+ Kg7 29. Rbf3 Qh1+ 30. Rf1 Qxg2 31. Kc1 Bg5+ 32. Kb1 Qd2
0-1

[Event "Let's Play Chess!"]
[Site "http://www.queenalice.com/game.php?id=642898"]
[Date "2009.8.26"]
[Round "-"]
[White "schalturtjik"]
[Black "Motorhead"]
[Result "0-1"]
[WhiteElo "1911"]
[BlackElo "1750"]

1. Nf3 d5 2. g3 c5 3. Bg2 Nc6 4. O-O Nf6 5. c4 e6 6. cxd5 exd5 7. d4 cxd4 8.
Nxd4 Bc5 9. Nb3 Bb6 10. Nc3 Be6 11. Na4 O-O 12. Bg5 Bc7 13. Nac5 h6 14. Nxb7 Qe7
15. Bc1 a5 16. N3c5 Bb6 17. Be3 d4 18. Bxd4 Nxd4 19. Qxd4 Rac8 20. Rfc1 Rc7 21.
b4 Rfc8 22. a3 axb4 23. axb4 Rxb7 24. Bxb7 Bxc5 25. Rxc5 Qxb7 26. Rac1 Re8 27.
R1c2 Bh3 28. f3 Ng4 29. e4 Nf6 30. Ra5 Nd7 31. Ra7 Qb5 0-1

[Event "Let's Play Chess!"]
[Site "http://www.queenalice.com/game.php?id=649248"]
[Date "2009.9.8"]
[Round "-"]
[White "Motorhead"]
[Black "yclaudiu35"]
[Result "0-1"]
[WhiteElo "1792"]
[BlackElo "1878"]

1. e4 e5 2. Nf3 Qf6 3. Nc3 c6 4. Bc4 Bc5 5. d3 h6 6. O-O d6 7. Be3 Bg4 8. h3
Bxf3 9. Qxf3 Qxf3 10. gxf3 Bb4 11. Ne2 Ba5 12. f4 Bd8 13. fxe5 dxe5 14. d4 Nd7
15. dxe5 Nxe5 16. Bb3 Nf6 17. Rad1 Nxe4 18. f4 Ng6 19. Bd4 Ne7 20. Kh1 O-O 21.
f5 Re8 22. Rf4 Ng5 23. f6 Ng6 24. Rf2 gxf6 25. Bxf6 Bxf6 26. Rxf6 Rxe2 27. Rxg6+
Kh7 28. Rf6 Rf8 29. Rdf1 Re7 30. h4 Ne4 31. Rxf7+ Rfxf7 32. Rxf7+ Rxf7 33. Bxf7
Kg7 34. Bh5 Ng3+ 0-1

[Event "Let's Play Chess!"]
[Site "http://www.queenalice.com/game.php?id=649257"]
[Date "2009.9.8"]
[Round "-"]
[White "Motorhead"]
[Black "igorjava"]
[Result "0-1"]
[WhiteElo "1845"]
[BlackElo "1912"]

1. e4 c5 2. Nf3 d6 3. d4 cxd4 4. Nxd4 Nf6 5. Nc3 e5 6. Bb5+ Bd7 7. Nf5 Qc7 8.
O-O Nc6 9. Ne3 Be7 10. Ned5 Nxd5 11. Nxd5 Qd8 12. f4 O-O 13. fxe5 dxe5 14. b3 a6
15. Bd3 Bc5+ 16. Kh1 Be6 17. Ne3 b5 18. Nf5 Nd4 19. Bb2 Qd7 20. a4 b4 21. c3
Nxb3 22. Ra2 Na5 23. Qg4 Bxf5 24. Rxf5 Nc6 25. Bc4 Kh8 26. cxb4 Bxb4 27. Bd5
Rac8 28. Ra1 f6 29. Rh5 Qxg4 0-1

[Event "Let's Play Chess!"]
[Site "http://www.queenalice.com/game.php?id=657562"]
[Date "2009.9.24"]
[Round "-"]
[White "Motorhead"]
[Black "spawnwolfwolverine"]
[Result "1-0"]
[WhiteElo "1765"]
[BlackElo "1578"]

1. e4 e5 2. Nf3 d6 3. d4 exd4 4. Nxd4 Bd7 5. Nc3 Nc6 6. Be2 Be7 7. O-O Nf6 8.
Re1 O-O 9. Bg5 Nxd4 10. Qxd4 c5 11. Qd2 b5 12. Nxb5 Bxb5 13. Bxb5 a6 14. Bd3 a5
15. Re3 Nxe4 16. Bxe7 Qxe7 17. Bxe4 Qf6 18. Rh3 g6 19. Re1 Rae8 20. c4 Re7 21.
b3 Rfe8 22. Rhe3 Qd4 23. Qe2 f5 24. Bxf5 Rxe3 25. fxe3 Rxe3 26. Qxe3 Qxe3+ 27.
Rxe3 gxf5 28. Re6 f4 29. Kf2 h5 30. Kf3 h4 31. Kxf4 a4 32. Kg5 h3 33. Kg6 Kf8
34. gxh3 axb3 35. axb3 d5 36. cxd5 c4 37. bxc4 Kg8 38. Re8# 1-0

[Event "Let's Play Chess!"]
[Site "http://www.queenalice.com/game.php?id=657563"]
[Date "2009.9.24"]
[Round "-"]
[White "spawnwolfwolverine"]
[Black "Motorhead"]
[Result "0-1"]
[WhiteElo "1618"]
[BlackElo "1807"]

1. c4 e5 2. d3 Nf6 3. e4 Bb4+ 4. Nc3 O-O 5. Bg5 d6 6. a3 Ba5 7. b4 Bb6 8. Nd5
Nbd7 9. g3 Bd4 10. Rc1 c6 11. Nxf6+ Nxf6 12. Qf3 Bg4 13. Bxf6 Bxf3 14. Bxd8 Bxh1
15. Ne2 Raxd8 16. Nxd4 exd4 17. Ke2 d5 18. Bh3 Bxe4 19. dxe4 dxe4 20. c5 Rfe8
21. Rc4 e3 22. fxe3 Rxe3+ 23. Kd2 Rxa3 24. Bf5 g6 25. Bd3 Ra2+ 26. Kc1 Rxh2 27.
Rc2 Rxc2+ 28. Kxc2 b6 29. cxb6 axb6 30. g4 Kg7 31. g5 Rd5 32. Be4 Rxg5 33. Bxc6
Rg3 34. b5 Kf6 35. Kd2 Ke5 36. Ke2 d3+ 37. Kd2 f5 38. Kc3 f4 39. Kd2 f3 40. Bxf3
Rxf3 41. Kc3 Ke4 42. Kd2 Rf2+ 43. Ke1 Ke3 44. Kd1 Rc2 45. Ke1 Rc1# 0-1

[Event "Let's Play Chess!"]
[Site "http://www.queenalice.com/game.php?id=660944"]
[Date "2009.10.1"]
[Round "-"]
[White "agargent"]
[Black "Motorhead"]
[Result "1-0"]
[WhiteElo "1860"]
[BlackElo "1815"]

1. d4 d5 2. c4 dxc4 3. e4 Nf6 4. e5 Nd5 5. Bxc4 Nb6 6. Bb3 Nc6 7. Nf3 Bg4 8. Be3
Nd5 9. h3 Bh5 10. O-O e6 11. Nbd2 Bb4 12. Qc2 Bxd2 13. Nxd2 Bg6 14. Qc1 Ndb4 15.
Nf3 O-O 16. h4 Nd3 17. Qd2 a5 18. g4 Be4 19. Ng5 Nxd4 20. Bd1 Qd5 21. Bxd4 Qxd4
22. Nxe4 Qxe4 23. f3 Qd4+ 24. Kg2 Rad8 25. Kh1 Qxe5 26. f4 Qd4 27. Rb1 f5 28. g5
e5 29. Be2 e4 30. Bxd3 exd3 31. b3 Rfe8 32. Qxa5 Re2 33. Qxf5 Rf8 34. Qg4 Rxa2
35. Rbd1 Rb2 36. h5 Rxb3 37. Qe6+ Kh8 38. Qxb3 Qe4+ 39. Kg1 Qe3+ 40. Kg2 Qe2+
41. Kg3 Rxf4 42. Rxf4 Qe3+ 43. Kg4 Qe2+ 44. Kf5 g6+ 45. hxg6 hxg6+ 46. Kxg6 Qe8+
47. Rf7 Qe6+ 48. Qxe6 1-0

[Event "Let's Play Chess!"]
[Site "http://www.queenalice.com/game.php?id=661860"]
[Date "2009.10.4"]
[Round "-"]
[White "Motorhead"]
[Black "Abstro"]
[Result "1-0"]
[WhiteElo "1774"]
[BlackElo "1977"]

1. e4 e5 2. Nf3 Nc6 3. Bc4 h6 4. O-O d6 5. h3 f5 6. d3 f4 7. d4 Nf6 8. Bb5 Bd7
9. Nc3 Qe7 10. Nd5 Nxd5 11. exd5 Nb8 12. Bxd7+ Nxd7 13. dxe5 Nxe5 14. Bxf4 O-O-O
15. Nxe5 dxe5 16. Re1 Qd6 17. Rxe5 Qf6 18. Qg4+ Kb8 19. Rd1 Bd6 20. Re4 Qxb2 21.
Bxd6 Rxd6 22. Rc4 Rhd8 23. Rdd4 Rxd5 24. Qxg7 Rxd4 25. Qxc7+ Ka8 26. Qc8+ 1-0

[Event "Let's Play Chess!"]
[Site "http://www.queenalice.com/game.php?id=662467"]
[Date "2009.10.4"]
[Round "-"]
[White "BobySponja"]
[Black "Motorhead"]
[Result "1-0"]
[WhiteElo "1825"]
[BlackElo "1779"]

1. e4 e5 2. Nf3 Nc6 3. Bb5 a6 4. Bc4 Nf6 5. O-O d5 6. exd5 Nxd5 7. Re1 Bg4 8. d3
Nd4 9. Rxe5+ Ne7 10. Bxf7+ Kxf7 11. Ng5+ Kf6 12. Qxg4 Kxe5 13. Bf4+ Kf6 14. Nc3
Nd5 15. Nce4+ Ke7 16. Be3 Nf6 17. Nxf6 gxf6 18. Bxd4 Rg8 19. Qe6# 1-0

[Event "Let's Play Chess!"]
[Site "http://www.queenalice.com/game.php?id=664870"]
[Date "2009.10.9"]
[Round "-"]
[White "Motorhead"]
[Black "spin"]
[Result "1-0"]
[WhiteElo "1801"]
[BlackElo "1716"]

1. e4 b6 2. d4 d5 3. exd5 Qxd5 4. Nc3 Qe6+ 5. Be3 g6 6. Nf3 Bg7 7. Ng5 Qd6 8.
Qf3 f6 9. Nge4 Qc6 10. Bb5 Qxb5 11. Nxb5 f5 12. Nxc7+ Kd8 13. Nxa8 Bb7 14. Qf4
Bxa8 15. Qxb8+ Kd7 16. Qxa8 fxe4 17. Qxe4 Nf6 18. Qb7+ Ke6 19. O-O-O Nd5 20.
Rhe1 Rd8 21. Bh6+ Kf7 22. c4 Bxh6+ 23. Kb1 Nf4 24. Qxe7+ Kg8 25. Qxd8+ Bf8 26.
Re8 1-0

[Event "Let's Play Chess!"]
[Site "http://www.queenalice.com/game.php?id=668301"]
[Date "2009.10.16"]
[Round "-"]
[White "Frpo055"]
[Black "Motorhead"]
[Result "1-0"]
[WhiteElo "1827"]
[BlackElo "1837"]

1. e4 e5 2. Nf3 Nc6 3. Bb5 a6 4. Ba4 Nf6 5. O-O Be7 6. Re1 b5 7. Bb3 O-O 8. c3
d6 9. h3 Na5 10. Bc2 c5 11. d4 Qc7 12. Nbd2 cxd4 13. cxd4 Bb7 14. d5 Nc4 15.
Nxc4 bxc4 16. Bd2 Nd7 17. Rc1 f5 18. Bd3 fxe4 19. Rxc4 Nc5 20. b4 exd3 21. bxc5
dxc5 22. Nxe5 Bxd5 23. Rc3 Bf6 24. Rxd3 Bxa2 25. Nd7 Rf7 26. Nxf6+ Rxf6 27. Bc3
Rg6 28. Rd7 Qc6 29. Rd8+ Rxd8 30. Qxd8+ Kf7 31. Re7# 1-0

[Event "Let's Play Chess!"]
[Site "http://www.queenalice.com/game.php?id=673576"]
[Date "2009.10.28"]
[Round "-"]
[White "Motorhead"]
[Black "alesciulli"]
[Result "1-0"]
[WhiteElo "1821"]
[BlackElo "2013"]

1. e4 c5 2. Nf3 d6 3. d4 cxd4 4. Nxd4 Nf6 5. Nc3 Nc6 6. Bb5 Qc7 7. O-O Bd7 8.
Be3 g6 9. h3 Bg7 10. Re1 O-O 11. Qd3 e5 12. Nxc6 bxc6 13. Bc4 Kh8 14. Rad1 Ne8
15. Bc5 dxc5 16. Qxd7 Rc8 17. Na4 Nf6 18. Qxc7 Rxc7 19. Nxc5 h5 20. Re3 Kg8 21.
Rg3 h4 22. Rxg6 Kh7 23. Rg5 Re7 24. f3 Kh6 25. Rf5 Ne8 26. Be2 Nc7 27. Nd3 Rd8
28. Nf2 Rxd1+ 29. Nxd1 Ne6 30. c3 Kg6 31. Ne3 Rd7 32. Nc4 f6 33. Kf2 Bh6 34.
Rxe5 fxe5 35. Nxe5+ Kf6 36. Nxd7+ Ke7 37. Ne5 1-0

[Event "Let's Play Chess!"]
[Site "http://www.queenalice.com/game.php?id=673594"]
[Date "2009.10.28"]
[Round "-"]
[White "basti822"]
[Black "Motorhead"]
[Result "0-1"]
[WhiteElo "1712"]
[BlackElo "1814"]

1. e4 e5 2. Bc4 Nf6 3. d4 exd4 4. Qxd4 Nc6 5. Qc3 Bb4 6. Qxb4 Nxb4 7. Na3 Nxe4
8. c3 Qf6 9. Nf3 d5 10. cxb4 dxc4 11. Nxc4 O-O 12. O-O Bg4 13. Bg5 Qg6 14. Nce5
Qf5 15. Rad1 f6 16. Nd7 Rfd8 17. h3 fxg5 18. hxg4 Qxg4 19. Nfe5 Qh4 0-1

[Event "Let's Play Chess!"]
[Site "http://www.queenalice.com/game.php?id=673595"]
[Date "2009.10.28"]
[Round "-"]
[White "Motorhead"]
[Black "basti822"]
[Result "1-0"]
[WhiteElo "1826"]
[BlackElo "1700"]

1. e4 g6 2. d4 d6 3. Nc3 Bg7 4. Nf3 Bg4 5. h3 Bxf3 6. gxf3 e6 7. Bg2 Nc6 8. O-O
Nxd4 9. f4 Qh4 10. Be3 c5 11. Bxd4 Bxd4 12. Nb5 Kd7 13. Nxd4 cxd4 14. Qxd4 Ne7
15. Rad1 Qxf4 16. Rfe1 Rac8 17. Re3 Rxc2 18. Rf3 e5 19. Qxd6+ Ke8 20. Rxf4 1-0

[Event "Let's Play Chess!"]
[Site "http://www.queenalice.com/game.php?id=675927"]
[Date "2009.11.2"]
[Round "-"]
[White "Motorhead"]
[Black "Abstro"]
[Result "1-0"]
[WhiteElo "1848"]
[BlackElo "1815"]

1. e4 e5 2. Nf3 Nc6 3. Bc4 Nd4 4. c3 Nxf3+ 5. Qxf3 Qf6 6. Qxf6 Nxf6 7. O-O Bc5
8. d3 h6 9. Be3 Bxe3 10. fxe3 O-O 11. Nd2 d6 12. d4 c6 13. Rae1 a5 14. Nf3 Nxe4
15. dxe5 dxe5 16. Nxe5 Nf6 17. e4 b5 18. Bxf7+ Rxf7 19. Nxf7 Kxf7 20. e5 Ba6 21.
exf6 gxf6 22. Rf4 b4 23. cxb4 a4 24. Rh4 Kg6 25. Re6 Bb5 26. Rf4 Rf8 27. Kf2 Kg5
28. Ke3 f5 29. h4+ Kh5 30. g4+ 1-0

[Event "Let's Play Chess!"]
[Site "http://www.queenalice.com/game.php?id=675928"]
[Date "2009.11.2"]
[Round "-"]
[White "Abstro"]
[Black "Motorhead"]
[Result "0-1"]
[WhiteElo "1844"]
[BlackElo "1832"]

1. b3 d5 2. d4 Nc6 3. Bb2 Nf6 4. Nc3 e5 5. Nf3 e4 6. Nd2 Nxd4 7. e3 Nc6 8. Bb5
Bg4 9. f3 exf3 10. Nxf3 Qd6 11. Ne2 a6 12. Bxc6+ Qxc6 13. Ne5 Bxe2 14. Qxe2 Qe6
15. O-O Bd6 16. Nd3 O-O 17. Bxf6 gxf6 18. Qf3 Rae8 19. Rae1 Be5 20. e4 dxe4 21.
Qxe4 Bxh2+ 22. Kxh2 Qxe4 23. Rxe4 Rxe4 24. Rxf6 Re2 25. Rf2 Rxf2 26. Nxf2 Re8
27. Nd3 Re2 28. Nb4 c5 0-1

[Event "Let's Play Chess!"]
[Site "http://www.queenalice.com/game.php?id=677187"]
[Date "2009.11.4"]
[Round "-"]
[White "ArmandoAzevedo"]
[Black "Motorhead"]
[Result "1-0"]
[WhiteElo "2214"]
[BlackElo "1863"]

1. e4 e5 2. Nf3 Nc6 3. Bb5 a6 4. Bxc6 dxc6 5. O-O Bg4 6. h3 h5 7. d3 Qf6 8. Nbd2
Ne7 9. Re1 Ng6 10. d4 Bd6 11. a4 O-O-O 12. hxg4 hxg4 13. Nh2 Rxh2 14. Qxg4+ Kb8
15. Nf3 Rh7 16. Bg5 Rdh8 17. g3 Qe6 18. Qxe6 fxe6 19. Be3 exd4 20. Bxd4 Rf8 21.
Ng5 Rh5 22. Nxe6 Rf7 23. Nxg7 1-0

[Event "Let's Play Chess!"]
[Site "http://www.queenalice.com/game.php?id=678524"]
[Date "2009.11.6"]
[Round "-"]
[White "alesciulli"]
[Black "Motorhead"]
[Result "0-1"]
[WhiteElo "1968"]
[BlackElo "1861"]

1. e4 e5 2. Nf3 Nc6 3. Bc4 Bc5 4. c3 Nf6 5. d4 exd4 6. cxd4 Bb4+ 7. Nc3 Nxe4 8.
O-O Nxc3 9. bxc3 Be7 10. Qe2 O-O 11. Re1 d6 12. h3 Bd7 13. Bd2 Re8 14. Bb3 Bg5
15. Qc4 Be6 16. d5 Bxd2 17. Nxd2 Na5 18. Qb5 Nxb3 19. axb3 c6 20. dxc6 bxc6 21.
Qxc6 Qb6 22. Qxb6 axb6 23. c4 Ra5 24. Nf3 h6 25. Rad1 Ra3 26. Re3 Kf8 27. Red3
Rd8 28. Nd4 d5 29. cxd5 Bxd5 30. Re3 Re8 31. Rxe8+ Kxe8 32. Re1+ Kd7 33. Re3
Ra1+ 34. Kh2 Ra2 35. Kg3 Rd2 36. Nf3 Bxf3 37. Rxf3 Ke6 38. Rc3 f5 39. Rc6+ Rd6
40. Rc3 g5 41. Kf3 Kd5 42. Rd3+ Kc5 43. Rxd6 Kxd6 44. Ke3 Kc5 45. Kd3 b5 46. f3
f4 47. Kc3 b4+ 48. Kd3 Kd5 49. Ke2 Kd4 50. Kd2 h5 51. h4 gxh4 0-1

[Event "Let's Play Chess!"]
[Site "http://www.queenalice.com/game.php?id=683936"]
[Date "2009.11.16"]
[Round "-"]
[White "Motorhead"]
[Black "raymundo"]
[Result "1/2-1/2"]
[WhiteElo "1834"]
[BlackElo "1781"]

1. e4 c5 2. Nf3 d6 3. d4 cxd4 4. Nxd4 Nf6 5. Nc3 a6 6. f4 e5 7. Nf3 Be7 8. Bd3
Bg4 9. h3 Be6 10. fxe5 Nfd7 11. exd6 Bxd6 12. O-O Nc6 13. Ng5 O-O 14. Qh5 h6 15.
Nxe6 fxe6 16. e5 Bc5+ 17. Kh1 Rxf1+ 18. Bxf1 Ncxe5 19. Bf4 Qf6 20. Bxe5 Qxe5 21.
Qxe5 Nxe5 22. Re1 Bd6 23. Ne4 Bc7 24. Nc5 b5 25. Nxe6 Bd6 26. Rd1 Be7 27. Rd5
Bf6 28. b3 Rc8 29. Bd3 Nxd3 30. cxd3 Rc2 31. a4 bxa4 32. bxa4 Ra2 33. Nc5 Bg5
34. Nxa6 Rxa4 35. Nc5 Ra1+ 36. Kh2 Bf4+ 37. g3 Ra2+ 38. Kg1 Bxg3 39. d4 g5 40.
Rd8+ Kh7 41. d5 Kg6 42. d6 Kh5 43. d7 Rd2 44. Rc8 Bf2+ 45. Kf1 Bxc5 46. d8=Q
Rxd8 47. Rxd8 Kh4 48. Kg2 Bb6 49. Rd6 1/2-1/2

[Event "Let's Play Chess!"]
[Site "http://www.queenalice.com/game.php?id=683940"]
[Date "2009.11.16"]
[Round "-"]
[White "raymundo"]
[Black "Motorhead"]
[Result "1-0"]
[WhiteElo "1695"]
[BlackElo "1881"]

1. c4 c5 2. f4 Nc6 3. Nf3 Nf6 4. Nc3 g6 5. e3 Bg7 6. d4 b6 7. d5 Nb8 8. Bd3 e6
9. dxe6 fxe6 10. O-O d5 11. cxd5 exd5 12. Ne5 d4 13. Ne4 O-O 14. Ng5 Nd5 15. e4
Nxf4 16. Bc4+ Ne6 17. Bxe6+ Bxe6 18. Nxe6 Rxf1+ 19. Qxf1 Qd6 20. Qf7+ 1-0

[Event "Let's Play Chess!"]
[Site "http://www.queenalice.com/game.php?id=685821"]
[Date "2009.11.19"]
[Round "-"]
[White "Frpo055"]
[Black "Motorhead"]
[Result "1-0"]
[WhiteElo "1881"]
[BlackElo "1816"]

1. e4 e5 2. Nf3 Nc6 3. Bb5 a6 4. Ba4 Nf6 5. O-O Be7 6. Re1 b5 7. Bb3 O-O 8. c3
d6 9. d4 Bg4 10. d5 Nb8 11. Nbd2 c6 12. h3 Bh5 13. Nf1 a5 14. Ng3 Bg6 15. Nh4
Bxe4 16. Nxe4 1-0

[Event "Let's Play Chess!"]
[Site "http://www.queenalice.com/game.php?id=685822"]
[Date "2009.11.19"]
[Round "-"]
[White "Motorhead"]
[Black "Frpo055"]
[Result "0-1"]
[WhiteElo "1832"]
[BlackElo "1842"]

1. e4 e5 2. Nf3 Nc6 3. Bc4 Nf6 4. O-O Be7 5. Re1 O-O 6. d4 d6 7. Bb5 Bg4 8. Bxc6
bxc6 9. dxe5 Bxf3 10. Qxf3 dxe5 11. Qg3 Re8 12. Nc3 Rb8 13. Rd1 Qc8 14. Qxe5 Bd6
0-1